000 01256cad a22002775a 4500
001 L159432
008 130206s2016 xxk f 000 0 eng d
020 _a9781783211548
035 _a(Sirsi) u159432
041 0 _aeng
050 0 4 _a692.8
110 2 _aRoyal Institution of Chartered Surveyors
_94900
245 _aBIM for Building Surveyors
_h[electronic resource]
260 _aLondon
_bRICS
_c2016
300 _a20p.
490 0 _aRICS Guidance Note
520 _aProvides an accessible introduction to level 2 BIM, highlighting the important implications and considerations for building surveyors. This guidance is written in the context of the government mandate for the adoption of level 2 BIM that came into force on 4 April 2016 and addresses industry drivers for level 2 BIM, level 2 BIM in an organisation context, and level 2 BIM for project delivery. Effective from November 2016.
590 _aKA
650 2 4 _aLEVEL 2 BIM
650 2 4 _aBIM
_96219
651 4 _aUnited Kingdom
_y
690 _aBuilding surveying
_96225
690 _aBIM
_96219
856 4 0 _uwww.rics.org/Global/RICS_BIM_for_building_surveyors_1st_edition_PG_guidance.pdf
_zView the guidance free of charge (member-only content) at www.rics.org
942 _n0
999 _c115893
_d115893